000
00315nam a22001337a 4500
008
180202b xxu||||| |||| 00| 0 eng d
020
_a
1555215009
041
_a
eng
080
_a
710
100
_a
44
101
_a
ART
245
_a
The History and Techniques of the Great Masters
_c
Ackroyd, CH
942
_2
udc
_c
BK
999
_c
41684
_d
41684